Word 7 pro Windows 95 : Kompletní kapesní průvodce /
Salvato in:
| Autori principali: | , , |
|---|---|
| Natura: | Libro |
| Lingua: | ceco |
| Pubblicazione: |
Praha :
Grada,
1996
|
| Tags: |
Nessun Tag, puoi essere il primo ad aggiungerne!!
|
MARC
| LEADER | 00000nam a22000003a 4500 | ||
|---|---|---|---|
| 001 | stu30263 | ||
| 005 | 20150617225738.0 | ||
| 008 | 970414s1996----cs------------------cze-d | ||
| 020 | |a 80-7169-306-5 | ||
| 040 | |a STU |b slo | ||
| 041 | 0 | |a cze | |
| 044 | |a cs | ||
| 080 | |a 519.68 | ||
| 100 | 1 | |a Kost, Rudi |4 aut | |
| 245 | 1 | |a Word 7 pro Windows 95 : |b Kompletní kapesní průvodce / |c [aut]Kost,R.;Steiner,J.;Valentin,R | |
| 260 | |a Praha : |b Grada, |c 1996 | ||
| 300 | |a 452 s | ||
| 700 | 1 | |a Steiner, Josef |4 aut | |
| 700 | 1 | |a Valentin, Robert |4 aut | |
| 996 | |c V*44804/O-19542 |l VV5 |s P |a 0 |w stu30263_0010 | ||
| 996 | |b 284V029816 |c V*45188/O-19777 |l VVS |s A |a 24 |w stu30263_0012 | ||